000 01601nam2a2200253 4500
001 rc\2979836
005 20260315062256.0
035 _a(NLR Aleph) 007125324
090 _a13610260
_c13610260
100 _a20110910d1939 u y0rusy50 ca
101 0 _arus
102 _aRU
105 _aa z |||||
200 1 _aПромышленная вентиляция
_e[Разработан СтройЦНИЛом НКЛП при участии Гипрооргстроя]
210 _d1939
215 _a56 с.
_cил., черт.
_d20 см
461 0 _1001rc\2979816
_12001#$aЕдиные нормы выработки и расценки на строительные работы 1939 г.$eОтдел 1-$fКом. по делам стр-ва при СНК СССР$vОтдел 20
_96903877
_aСССР. Комитет по делам строительства
_cМосква
_d1939
_fКом. по делам стр-ва при СНК СССР
_nГосстройиздат
_oОтдел 1-
_tЕдиные нормы выработки и расценки на строительные работы 1939 г.
_vОтдел 20
712 0 2 _aЦентральная строительная научно-исследовательская лаборатория
_cМосква
_4570
712 0 2 _aНаучно-исследовательский институт по проектированию организации производства строительных работ
_cМосква
_4570
801 0 _aRU
_bNLR
_gpsbo
801 1 _aRU
_bELAR
_2rusmarc
852 _aNLR
_j39-17/49(20)
942 _cUNSPEC
980 _aNB